| 000 | 01063nam a2200229 a 4500 | ||
|---|---|---|---|
| 008 | 060316s1986 ||||||||||||||||| || u | ||
| 020 | _a0130577464 | ||
| 050 | _aHA 29 Ber | ||
| 100 | _aBerenson, Mark L | ||
| 245 | 1 | 0 | _aBasic business statistics : concepts and applications. (3rd ed.) |
| 250 | _a3rd ed. | ||
| 260 |
_aEnglewood Cliffs: _bPrentice-Hall _c1986 |
||
| 300 | _axv, 907 p.: ill. | ||
| 350 | _a0.00 | ||
| 500 | _aIncludes bibliographies and index. | ||
| 650 | 0 | _aCOMMERCIAL STATISTICS | |
| 650 | _aSTATISTICS--HANDBOOKS, MANUALS, ETC | ||
| 700 | _aLevine, David M., 1946- | ||
| 995 |
_aMAIN LIBRARY OPEN ACCESS _D0.00 _e000154 _FCBU-MAIN LIBRARY (Kitwe) _H2 _I37.45 _jHA 29 Ber _UAVAILABLE _y000154 _ZMain Library Open Access Collection |
||
| 995 |
_aMAIN LIBRARY OPEN ACCESS _D0.00 _e000155 _FCBU-MAIN LIBRARY (Kitwe) _H3 _I37.45 _jHA 29 Ber _UAVAILABLE _y000155 _ZMain Library Open Access Collection |
||
| 995 |
_aMAIN LIBRARY OPEN ACCESS _D0.00 _e020268 _FCBU-MAIN LIBRARY (Kitwe) _H1 _I37.45 _jHA 29 Ber _UAVAILABLE _y020268 _ZMain Library Open Access Collection |
||
| 999 |
_c84534 _d84534 |
||